| 000 | 00752nam a2200169 a 4500 | ||
|---|---|---|---|
| 008 | 130820s2010 ||||||||||||||||| || u | ||
| 020 | _a9781848211643 | ||
| 050 | _aTA 168 Sys | ||
| 100 | _aLuzeaux, Dominique | ||
| 245 | 1 | 0 |
_aSystems of systems _cedited by Dominique Luzeaux and Jean-Rene Ruault |
| 260 |
_aLondon: _bJohn Wiley and Sons _c2010 |
||
| 300 | _axxi, 526p.: ill. | ||
| 500 | _aBIBLIOGRAPHY | ||
| 650 | 0 | _aSYSTEMS ENGINEERING | |
| 995 |
_aMAIN LIBRARY OPEN ACCESS _e744218 _FCBU-MAIN LIBRARY (Kitwe) _jTA 168 Sys _M2 _UAVAILABLE _WSep 5, 2013 _y744218 _ZMain Library Open Access Collection |
||
| 995 |
_aMAIN LIBRARY OPEN ACCESS _e744217 _FCBU-MAIN LIBRARY (Kitwe) _jTA 168 Sys _M1 _UAVAILABLE _WSep 5, 2013 _y744217 _ZMain Library Open Access Collection |
||
| 999 |
_c80896 _d80896 |
||